000 00721nam a22002655i 4500
001 11481
003 ES-MaACL
005 20230906150117.0
007 t|
008 930514s1993 sp ||||0| spa j
020 _a84-7100-614-6
040 _aM-BN
_bspa
_cM-BN
080 _a965
100 1 _aSola, Emilio.
_9107042
245 1 0 _aArgelia, entre el desierto y el mar /
_cEmilio Sola.
260 _aMadrid :
_bMAPFRE,
_c[1993]
300 _a362 p ;
_c23 cm.
490 1 _aColección El Magreb ;
_v7
500 _aIndice.
504 _aBibliografía.
651 4 _aArgelia-
_xHistoria.
_97801
830 0 _aColección El Magreb ;
_v7
_9178985
852 _aES-MaACL
_jL-18806
_bR.124114
999 _c11481
_d11481